| 000 | 00759nam a2200253Ia 4500 | ||
|---|---|---|---|
| 003 | GCL | ||
| 008 | 140319s9999 xx 000 0 ara d | ||
| 040 |
_aGCL / _cGCL |
||
| 082 | 0 | 4 |
_aد _b796 _bم ا |
| 100 | 1 | _aمؤسسة اخبار اليوم | |
| 245 | 1 | 0 |
_aاخبار الرياضة / _cمؤسسة اخبار اليوم |
| 260 |
_a[S.N] : _bمؤسسة اخبار اليوم |
||
| 300 | _a40 | ||
| 490 |
_aالاعمال الادبية الكاملة _v0 |
||
| 650 | 0 | 4 | _aالرياضة البدنية |
| 650 | 0 | 4 | _aالرياضة |
| 650 | 0 | 4 | _aكرة القدم |
| 650 | 0 | 4 | _aكرة السلة |
| 650 | 0 | 4 | _aالكرة الطائرة |
| 650 | 0 | 4 | _aكرة اليد |
| 650 | 0 | 4 | _aكرة الماء |
| 650 | 0 | 4 | _aالابار |
| 942 |
_2ddc _cCF |
||
| 999 |
_c26959 _d26959 |
||